000
00238nam a2200109Ia 4500
008
240521s1999 xx 000 0 und d
041
_a
eng
100
_a
DICKENS C.
245
_a
A TALE OF TWO CITIES.
260
_c
1999
300
_a
201
999
_c
1159187
_d
1159187